| 000 | 00618nam a2200217 4500 | ||
|---|---|---|---|
| 003 | OSt | ||
| 005 | 20260421064106.0 | ||
| 006 | a | ||
| 008 | 240724b |||||||| |||| 00| 0 eng d | ||
| 020 | _a9780387797106 | ||
| 040 |
_aDWCL-Main lib. _cOC |
||
| 082 | _aCirc. 511.6 H314c 2008 | ||
| 100 | _aHarris, John M. | ||
| 245 | _aCombinatorics and Graph Theory / | ||
| 260 |
_aN.Y. : _bSpringer, _cc2008. |
||
| 300 |
_axv, _b381p. : ill. ; _c24 cm. |
||
| 504 | _aIncludes bibliographical references & index. | ||
| 650 | _a1. Combinatorial analysis. | ||
| 650 | _a2. Graph theory. | ||
| 942 |
_2ddc _n0 _cBK-CIRC _kCirc. |
||
| 999 |
_c2657 _d2657 |
||